| 000 | 00871nam a22002657a 4500 | ||
|---|---|---|---|
| 999 |
_c15453 _d15453 |
||
| 003 | MIRAKIL | ||
| 005 | 20240221112532.0 | ||
| 008 | 240221b tu ||||| |||| 00| 0 tur d | ||
| 020 | _a9786257586764 | ||
| 040 |
_aTR-AnCHP _cTR-AnCHP |
||
| 041 | _atur | ||
| 082 |
_a415 _bB29d 2023 |
||
| 090 | _a415 B29d 2023 | ||
| 100 |
_aBayraktaroğlu, Sinan _qProf. Dr. |
||
| 245 | 1 | 0 |
_aDünden bugüne Türk toplumunda kültür çatışması : _bdil ve eğitim / _cProf. Dr. Sinan Bayraktaroğlu. |
| 246 | _aDil ve eğitim | ||
| 260 |
_aAnkara: _bAkılçelen Kitaplar, _c2023. |
||
| 300 |
_axi, 409 s. ; _c21 cm. |
||
| 500 | _aDizin vardır. | ||
| 504 | _aKaynakça vardır. | ||
| 650 | 0 |
_9874 _aTürk dili _xTarih |
|
| 650 | 0 |
_9874 _aTürk dili _xreform |
|
| 856 | _zDijital Nüshası için Partimizin Kütüphane Sorumlusu ile iletişime geçiniz. | ||
| 942 |
_2ddc _cBKS |
||